000 00826aam a2200289 i 4500
001 768714001
003 CO-MdFUSB
005 20250903102757.0
007 ta
008 250903t1919 -us |||| |||| 00| 0 spa d
040 _cCO-MdFUSB
041 0 _aspa
082 0 4 _223
_a250
_bH3411p
100 1 _aHarvey, H. (Hezekiah) (1821-1893)
_eautor
245 1 3 _aEl pastor
_c/ H. Harvey ; traducido por Alejandro Treviño
264 1 _bCasa Bautista de Publicaciones,
_aEl Paso, TX., USA :
_c[1919]
264 4 _c©1919
300 _a245 páginas
336 _atexto
_btxt
_2rdacontent
337 _2rdamedia
_asin mediación
_bn
338 _2rdacarrier
_avolumen
_bnc
563 _aPasta dura
650 7 _aTeología pastoral
_9227
700 _aTreviño, Alejandro,
_911908
_etraductor
942 _cBK
945 _aJTF-925
999 _c36347
_d36347